The Story of the World : (Record no. 1672523)

MARC details
000 -LEADER
fixed length control field 00455 a2200169 4500
005 - DATE AND TIME OF LATEST TRANSACTION
control field 20260310150915.0
008 - FIXED-LENGTH DATA ELEMENTS--GENERAL INFORMATION
fixed length control field 260310b |||||||| |||| 00| 0 eng d
020 ## - INTERNATIONAL STANDARD BOOK NUMBER
International Standard Book Number 9781445666693
040 ## - CATALOGING SOURCE
Transcribing agency SDCL
041 ## - LANGUAGE CODE
Source of code eng
Language code of text/sound track or separate title eng
084 ## - COLON CLASSIFICATION NUMBER
Classification number V1'P Q7
100 ## - MAIN ENTRY--PERSONAL NAME
Personal name Bartlett, W. B.
245 ## - TITLE STATEMENT
Title The Story of the World :
Remainder of title From Prehistory to the Present
260 ## - PUBLICATION, DISTRIBUTION, ETC.
Place of publication, distribution, etc. Hill :
Name of publisher, distributor, etc. Amberley Publishing,
Date of publication, distribution, etc. 2017.
300 ## - PHYSICAL DESCRIPTION
Extent 512p.
942 ## - ADDED ENTRY ELEMENTS (KOHA)
Koha item type Textual
Source of classification or shelving scheme Colon Classification (CC)
100 ## - MAIN ENTRY--PERSONAL NAME
-- 1131563
999 ## -
-- 1672523
-- 1672523
Holdings
Withdrawn status Lost status Source of classification or shelving scheme Damaged status Not for loan Home library Current library Date acquired Source of acquisition Cost, normal purchase price Inventory number Total checkouts Full call number Barcode Date last seen Cost, replacement price Price effective from Koha item type
    Colon Classification (CC)     South Campus Library South Campus Library 2025-12-22 84 1090.71 4408 & 22/12/2025   V1'P Q7 SC1691795 2025-12-22 1558.15 2025-12-22 Textual
Copyright @ Delhi University Library System